01264nam a2200361 i 450000500170000000700030001700800410002002000180006104000350007904100130011408400110012710000390013824500820017725000230025926400340028230000260031633600270034233700330036933800280040249000520043050000520048252100620053453400190059665000430061565000470065865000280070565000300073365000280076365000330079170000480082494200150087299900150088720220317002020.0ta201106s2018 ck ||||dr|||| 00| f spa d a9789583056079 aCO-BoRNBPbspaerdacCO-BoRNBP1 aspahger aN DIT21 aDittert, Christoph d1974-eautor10aDescenso al infierno cChristoph Dittert ; traducción Lía Pardo Ramírez aPrimera edición  1aBogotá bPanamericanac2018 a149 páginasc21 cm  2rdacontentatextobtxt 2rdamediaasin mediaciónbn 2rdacarrieravolumenbnc0 aLiteratura JuvenilpLas tres detectives & tú  aEn portada, 1000 pistas Tu caso, tu solución  aRecomendado para un público infantil mayor de 12 años tHöllenfahrt 172LEMBaNovela juvenil alemanaySiglo XX172LEMBaLiteratura juvenil alemanaySiglo XX172LEMBaMisterio vNovela172LEMBaDetectives vNovela172LEMBaSecuestrovNovela172LEMBaHistorias de aventuras1 aPardo Ramírez, Líaetraductora 9169988 2loccBKLIT c8899d8899